Pshychological implications in industrial performance/ (Record no. 8665)

MARC details
000 -LEADER
fixed length control field 00780 a2200217 4500
010 ## - LIBRARY OF CONGRESS CONTROL NUMBER
LC control number ENG-88540
020 ## - INTERNATIONAL STANDARD BOOK NUMBER
International Standard Book Number 8182202000
Terms of availability 680.00
035 ## - SYSTEM CONTROL NUMBER
System control number EN-72073
037 ## - SOURCE OF ACQUISITION
Source of stock number/acquisition DBAD / PUB
082 14 - DEWEY DECIMAL CLASSIFICATION NUMBER
Classification number 338.06019
090 ## - LOCALLY ASSIGNED LC-TYPE CALL NUMBER (OCLC); LOCAL CALL NUMBER (OCLC)
-- 8825
-- 8825
100 1# - MAIN ENTRY--PERSONAL NAME
Personal name Ashok Pratap Singh
245 1# - TITLE STATEMENT
Title Pshychological implications in industrial performance/
Statement of responsibility, etc by Ashok Pratap Singh [and] Patiraj Kumari
260 ## - PUBLICATION, DISTRIBUTION, ETC. (IMPRINT)
Place of publication, distribution, etc New Delhi
Name of publisher, distributor, etc Global Vision Publishing House
Date of publication, distribution, etc 2007
270 ## - ADDRESS
Address 20, Ansari Road, Daryaganj
City New Delhi
Postal code 110 002
300 ## - PHYSICAL DESCRIPTION
Extent xii, 290p.
Dimensions 22cm (Hb.)
500 ## - GENERAL NOTE
General note Includes bibliographical references and index
700 ## - ADDED ENTRY--PERSONAL NAME
Personal name Patiraj Kumari
942 ## - ADDED ENTRY ELEMENTS (KOHA)
Institution code [OBSOLETE] dpl
Koha item type English Books
Call number prefix 338.06019 / ASH
Holdings
Withdrawn status Lost status Source of classification or shelving scheme Damaged status Not for loan Collection code Home library Current library Source of acquisition Cost, normal purchase price Total Checkouts Full call number Barcode Date last seen Copy number Uniform Resource Identifier Cost, replacement price Price effective from Koha item type
    Dewey Decimal Classification   Not For Loan Non-fiction D.B.Act.Division D.B.Act.Division DBAD/PUB 680.00   338.06019 EN-72073 15/09/2008 1 9607 680.00 15/09/2008 English Books

© Delhi Public Library
Hit Counter
free hit counter